Hydrogeology of karstic terrains; case histories = Hydrogéologie desterrains karstiques; des histoires des cas/ A. Burger; L. Dubertret. (Record no. 132076)
[ view plain ]
| 000 -CABECERA | |
|---|---|
| campo de control de longitud fija | 00767nam a2200229 a 4500 |
| 005 - FECHA Y HORA DE LA ÚLTIMA TRANSACCIÓN | |
| campo de control | 20210219160151.0 |
| 008 - ELEMENTOS DE LONGITUD FIJA--INFORMACIÓN GENERAL | |
| campo de control de longitud fija | 080922s2000 mx r 000 0 spa d |
| 020 ## - NÚMERO INTERNACIONAL NORMALIZADO PARA LIBROS | |
| Número Internacional Estándar del Libro | 3922705057. |
| 035 ## - NÚMERO DE CONTROL DEL SISTEMA | |
| Número de control de sistema | UPN01000159962 |
| 049 ## - COLECCIÓN | |
| Colección | UNE |
| 080 ## - NÚMERO DE CLASIFICACIÓN DECIMAL UNIVERSAL | |
| Número de la Clasificación Decimal Universal | 551.49 (100) =20=40 BUR Vol.1. |
| 100 1# - ASIENTO PRINCIPAL--NOMBRE PERSONAL | |
| Nombre de persona | Burger, A. |
| 245 10 - MENCIÓN DE TÍTULO | |
| Título | Hydrogeology of karstic terrains; case histories = Hydrogéologie desterrains karstiques; des histoires des cas/ A. Burger; L. Dubertret. |
| 260 ## - PUBLICACIÓN, DISTRIBUCIÓN, ETC. | |
| Lugar de publicación, distribución, etc. | West-Germany : Heise; Paris : UNESCO, 1984. |
| 300 ## - DESCRIPCIÓN FÍSICA | |
| Extensión | iii, 264 p.; 24 cm. il., map., lamns. |
| 500 ## - NOTA GENERAL | |
| Nota general | Incluye texto en francés. |
| 690 ## - PUNTO DE ACCESO ADICIONAL DE MATERIA LOCAL--TÉRMINO DE MATERIA (OCLC, RLIN) | |
| Término de materia o nombre geográfico como elemento inicial | Hidrologia- Estudios de casos |
| 690 ## - PUNTO DE ACCESO ADICIONAL DE MATERIA LOCAL--TÉRMINO DE MATERIA (OCLC, RLIN) | |
| Término de materia o nombre geográfico como elemento inicial | Investigacion hidrologica |
| 700 1# - ASIENTO SECUNDARIO--NOMBRE DE PERSONAL | |
| Nombre de persona | Dubertret, L. |
| 710 2# - ASIENTO SECUNDARIO - NOMBRE CORPORATIVO | |
| Nombre de entidad corporativa o nombre de jurisdicción como elemento de entrada | UNESCO |
| 905 ## - TIPO DE MATERIAL | |
| Tipo de material | UNESCO |
No items available.
